Аэродинамика сверхзвуковых течений: пер. с англ.

Detalles Bibliográficos
Autor Principal: Ферри А.
Outros autores: Штейнберг Р. И. (переводчик)
Idioma:ruso
Publicado: Москва, Гостехиздат, 1953
Subjects:
Formato: MixedMaterials Libro
KOHA link:https://koha.lib.tpu.ru/cgi-bin/koha/opac-detail.pl?biblionumber=141164

MARC

LEADER 00000nam0a2200000 4500
001 141164
005 20231031142343.0
035 |a (RuTPU)RU\TPU\book\153009 
090 |a 141164 
100 |a 20080731d1953 k y0rusy50 ca 
101 1 |a rus  |c eng 
102 |a RU 
105 |a a z 001zy 
200 1 |a Аэродинамика сверхзвуковых течений  |e пер. с англ.  |f А. Ферри  |g пер. Р. И. Штейнберг 
210 |a Москва  |c Гостехиздат  |d 1953 
215 |a 463 с.  |c ил. 
320 |a Библиогр.: с. 459. 
320 |a Список литературы: с. 460-461. 
320 |a Предм. указ.: с. 462-463. 
610 1 |a аэродинамика 
610 1 |a сверхзвуковые течения 
610 1 |a закономерности 
610 1 |a потенциальные течения 
610 1 |a малые возмущения 
610 1 |a теория ударных волн 
610 1 |a годографы 
675 |a 533  |v 3 
700 1 |a Ферри  |b А. 
702 1 |a Штейнберг  |b Р. И.  |4 730 
801 1 |a RU  |b 63413507  |c 20080731  |g PSBO 
801 2 |a RU  |b 63413507  |c 20190923  |g PSBO 
942 |c BK